000 00682nam a22002537a 4500
003 OSt
005 20140310184330.0
008 131003t xxu||||| |||| 00| 0 eng d
020 _a0439633737
050 _aPZ 7
_b.R686d1 2004
100 _aRodda, Emily
_920594
245 _aDragon's nest /
_cRodda, Emily
260 _aNew York :
_b Scholastic Inc.,
_c2003.
300 _a181 p. :
_bill. ;
_c19 cm.
490 _aDragons of deltora
521 _aG5
526 _c790
650 _aDragons
_x Juvenile fiction.
_923799
650 _aChildren's stories.
_93210
650 _a Dragons
_xFiction.
_923800
942 _2lcc
_cBK-SCHOLAS
999 _c33652
_d33652